Top 10 personnages de One Piece par puissance avis personel - Statistiques

Statistiques générales
  • Ce quiz a été pris 74 fois
  • Le résultat moyen est 7 sur 10
Statistiques - réponses
Rang Personnages % Correct
6 Shanks
98%
2 Gol.D.Roger
95%
7 Kaido
95%
4 Barbe Blanche
89%
1 Imu
82%
3 Rocks.D.Xebec
77%
5 Monkey.D.Garp
74%
8 Mihawk
51%
9 Sengoku
46%
10 Shiki
42%
Aucun quiz correspondant
Distribution des résultats
% des personnes avec chaque résultat
Percentile par nombre de réponses
Votre historique - résultats
Vous n’avez pas pris ce quiz